000 00761nam a2200301Ia 4500
008 210210b2009 xxu||||| |||| 00| 0 eng d
020 _a9788184892390
041 _aeng
082 _a530.12 THAV
100 _aTHALLER (Bernd)
245 _aVisual quantum mechanics: selected topics with computer generated animations of quantum mechanical phenomena
260 _aNew Delhi
_bSpringer
_c2009
300 _axiii,283
650 _awith
650 _aVisual
650 _atopics
650 _aselected
650 _aquantum
650 _aphenomena
650 _aof
650 _amechanics:
650 _amechanical
650 _agenerated
650 _acomputer
650 _aanimations
690 _aQuantum Mechanics
906 _a064939
999 _c141793
_d141793